Introduction to tyre technology : Part I. Bias or crossply tyre. Part II.Radial tyre (BOOK LOST, COST RECOVERED) (Record no. 43131)
[ view plain ]
| 000 -LEADER | |
|---|---|
| fixed length control field | 00880nam a2200169Ia 4500 |
| 082 ## - DEWEY DECIMAL CLASSIFICATION NUMBER | |
| Classification number | 678.065:62 |
| Item number | CHA |
| 100 ## - MAIN ENTRY--AUTHOR NAME | |
| Personal name | CHAKRAVARTY, S N |
| 245 #0 - TITLE STATEMENT | |
| Title | Introduction to tyre technology : Part I. Bias or crossply tyre. Part II.Radial tyre (BOOK LOST, COST RECOVERED) |
| 260 ## - PUBLICATION, DISTRIBUTION, ETC. (IMPRINT) | |
| Place of publication | Polym Consultants |
| Name of publisher | New Delhi |
| Year of publication | 2012 |
| 500 ## - GENERAL NOTE | |
| General note | Book lost and cost recovered from Sri. Madhusoodanan, Principal Scientist, Rubber technology (Receipt No10470 dated 19.10.2023 for Rs 810.00 |
| 505 ## - FORMATTED CONTENTS NOTE | |
| Formatted contents note | Book lost and cost recovered from Sri. Madhusoodanan, Principal Scientist, Rubber technology (Receipt No10470 dated 19.10.2023 for Rs 810.00 |
| 520 ## - SUMMARY, ETC. | |
| Summary, etc | Book lost and cost recovered from Sri. Madhusoodanan, Principal Scientist, Rubber technology (Receipt No10470 dated 19.10.2023 for Rs 810.00 |
| 650 ## - SUBJECT ADDED ENTRY--TOPICAL TERM | |
| Topical Term | Crossply tyre |
| 650 ## - SUBJECT ADDED ENTRY--TOPICAL TERM | |
| Topical Term | Radial tyre |
| 650 ## - SUBJECT ADDED ENTRY--TOPICAL TERM | |
| Topical Term | Tyre technology |
| 942 ## - ADDED ENTRY ELEMENTS (KOHA) | |
| Koha item type | Books |
| Withdrawn status | Lost status | Damaged status | Not for loan | Home library | Current library | Date acquired | Cost, normal purchase price | Full call number | Accession Number | Koha item type |
|---|---|---|---|---|---|---|---|---|---|---|
| RRII Library | RRII Library | 16/12/2021 | 800.00 | 678.065:62 CHA | 23397 | Books |